000
00327nam a2200121 a 4500
005
20140414132053.0
008
110715s19uu xx 00 eng d
050
_a
ER
_b
R95 2000
100
_a
Rylant, Cynthia
245
_a
Henry and mudge :
_b
and annie's perfect pet.
260
_a
New York :
_b
Alladin,
_c
2000.
999
_c
114232
_d
114232